[Event "Bayern-chI Bank Hofmann 6th"]
[Site "Bad Wiessee"]
[Date "2002.11.02"]
[Round "8"]
[White "Hertneck, Gerald"]
[Black "Aronian, Levon"]
[Result "1/2-1/2"]
[WhiteElo "2502"]
[BlackElo "2581"]
[PlyCount "75"]
[EventDate "2002.10.26"]
[EventType "swiss"]
[EventRounds "9"]
[EventCountry "GER"]
[SourceTitle "EXT 2003"]
[Source "ChessBase"]
[SourceDate "2002.11.25"]
[SourceVersion "1"]
[SourceVersionDate "2002.11.25"]
[SourceQuality "1"]

1. d4 Nf6 2. c4 e6 3. Nf3 d5 4. Nc3 dxc4 5. e3 a6 6. a4 c5 7. Bxc4 Nc6 8. O-O
Be7 9. Qe2 cxd4 10. Rd1 e5 11. exd4 exd4 12. Nxd4 Nxd4 13. Qe5 Qd6 14. Qxd4
Qxd4 15. Rxd4 Bc5 16. Rd1 O-O 17. Bg5 Bg4 18. Rd2 Rad8 19. Bd5 Rd7 20. Bxf6
gxf6 21. Ne4 Be7 22. f3 Bf5 23. Rad1 Rfd8 24. Bxb7 Rxd2 25. Rxd2 Bxe4 26. Rxd8+
Bxd8 27. fxe4 a5 28. b4 axb4 29. Bd5 Bc7 30. Kf2 Kf8 31. h3 Ke7 32. Ke3 Bb6+
33. Kd3 Kd6 34. Kc4 b3 35. Kxb3 f5 36. Bxf7 fxe4 37. Kc4 Ke5 38. Kc3 1/2-1/2

[Event "Wch U20 41st"]
[Site "Goa"]
[Date "2002.12.12"]
[Round "6"]
[White "Aronian, Levon"]
[Black "McShane, Luke J"]
[Result "1-0"]
[WhiteElo "2581"]
[BlackElo "2546"]
[Annotator "Aronian,L"]
[PlyCount "93"]
[EventDate "2002.12.09"]
[EventType "swiss"]
[EventRounds "13"]
[EventCountry "IND"]
[SourceTitle "EXT 2010"]
[Source "ChessBase"]
[SourceDate "2010.11.25"]
[SourceVersion "1"]
[SourceVersionDate "2010.11.25"]
[SourceQuality "1"]

{Before this round I was half a point behind my opponent who started the
tournament very well and i wanted to get a safe, slight advantage and try to
win without taking big risks .} 1. d4 Nf6 2. c4 g6 3. Nf3 Bg7 4. g3 O-O 5. Bg2
d6 6. O-O Nc6 7. Nc3 Rb8 {This rare move did not come as a surprise to me
because we already played many blitz games in this line over the internet .} 8.
d5 Na5 9. b3 {I like this move more than the trivial 9.Nd2.} c6 {As is easy to
see, Black cannot exploit the momentary weakness of the c3 and a1 pieces,
because of the badly-placed a5 knight.} 10. dxc6 {On 10.Bb2 Black has the
sharp move ...b5, and playing complicated variations was not my in plans.} Nxc6
({On} 10... bxc6 {I wanted to answer with the modest} 11. Bd2 {with the idea
Qc1 (Bh6), Rd1 .}) ({Here Black has the very entertaining computer line} 10...
Ne4 11. Nxe4 (11. c7 Qxc7 12. Nd5 {is also not bad}) 11... Bxa1 12. Bf4 $1 {
and as my computer says, White is better after} Bg7 13. c7 Qxc7 14. Nxd6 $1 Rd8
15. Nb5 {and White is winning something big.}) 11. Bb2 {Thus we have reached
an English-like position. I think White's chances are better.} Qa5 12. Qc1 Bg4
{This I didn't expect!} ({I thought Black was going to play} 12... Qh5 {
and I was planning to defend my queen against ...Bh6 in some lines and go to a
safe and maybe plesant engame after} 13. Qg5 ({Only after the game my opponent
told me about the existence  of} 13. h4 {which is more ambitious, because
after that Black's main idea ...Bh6 is no longer good because of Ng5.
Strangely this easy move did not enter my head.})) 13. Rd1 $14 {So now White
is taking control of the center I don't really know but I think that Black has
to find something better somewhere earlier .} Rfc8 {A strange move, but it is
not clear what Black can do .} 14. Nd5 Nxd5 15. Bxg7 {This move has a small
psychological context. 15.Rd5 comes to the same, but I wanted to bring the
black king to g7 and give Black the opportunity to choose between f6 or Kg8,
which I thought could make him lose some time.} Kxg7 16. Rxd5 Qc7 17. Qb2+ f6 {
As I remember Luke answered quite fast, so I did not got full satisfaction
from my ''cleverness''.} 18. Rc1 {Exchanges did not made Black's life easier ,
and step by step white is getting room for maneuvre.} b6 19. Rc3 {So now I was
really enjoying my position and was just waiting for my oponent's time-trouble
.} Qd7 20. Re3 Kg8 {It's easy to understand Black's wish to remove the king
from the nasty pin , but now he falls into other problems.} 21. Nd4 {This was
too tempting to be good. 21.h4 puts even more pressure on Black's position.}
Nxd4 22. Rxd4 Re8 {Very solid. 22...Bf5 is an alternative.} 23. b4 {Somewhere
here I felt that if I do not win soon, my oponent will get too solid.} Qc8 {
The same stuff.} 24. h4 {On 24.Qa3 Black has 24...a5.} Bd7 25. h5 {Still not
bad. 25.Bd5+ and h5 was also possible .} Bc6 26. Bf1 {This is too slow! After
losing too much time in the search for a forced win on moves 23-26, I finally
gave up. As always happens in such cases here was the moment where I could
transform my advantage into a full point.} ({After} 26. hxg6 hxg6 27. Qc2 $1 {
Back had nothing to do against White's heavy pieces attack.} f5 {was losing
because of the beautifull} ({and after} 27... Kg7 28. Bxc6 Qxc6 29. Rg4 g5 30.
Qf5 $1 {and mostly in all lines White is geting a winning endgame after the
Rg5 sacrifice. And now Black has some air.}) ({on} 27... Kf7 {White can get
the same position as after 27...Kg7 by playing} 28. Rh4 Kg7 29. Bxc6 Qxc6 30.
Rg4) 28. Bxc6 Qxc6 29. Rg4 Kf7 30. Rxg6 $1 Kxg6 31. Re6+ Kg7 32. Qxf5 {with
mate coming.}) 26... Qf5 {This move is bad , because as can easily be
understood, it is hat I was counting on when I played 26.Bf1. However, it's
hard to give any good advice to Black. Maybe he had to make some neutral move
like 26...Bb7.} 27. Rh4 gxh5 28. Bh3 Qg6 29. b5 Ba8 30. Bd7 Kf8 ({During the
game I was afraid of} 30... e5 31. Bxe8 Rxe8 {but after I found} 32. Rd3 e4 33.
Re3 {with a nice rook blockade.} (33. Rxd6 {should win easily, but during time
trouble I was looking for safe lines})) 31. Bxe8 Kxe8 32. Qb3 {Very safe. Also
there's a little trap 32...Kd7? 33.c5.} Rc8 33. Qd3 Rc7 34. Kh2 {One more trap
.} Kd7 {And he falls for it! 34...Kd8 was the move.} 35. g4 Rc5 ({If} 35...
hxg4 {then} 36. Qxg6 hxg6 37. Rh7 {and Black can not defend both the e7 pawn
and the a8 bishop.}) 36. Qxg6 hxg6 37. gxh5 gxh5 38. Ra3 {After the exchange
of queens, the black pawns become vulnerable .} a5 39. bxa6 Rg5 40. f3 Kc7 41.
Rh3 Re5 42. e4 Kb8 43. a7+ Kc7 44. Rg3 Rg5 45. f4 h4 46. Rxg5 fxg5 47. fxg5 1-0

[Event "Wch U20 41st"]
[Site "Goa"]
[Date "2002.12.20"]
[Round "13"]
[White "Aronian, Levon"]
[Black "Jakovenko, Dmitrij"]
[Result "1-0"]
[WhiteElo "2581"]
[BlackElo "2570"]
[Annotator "Aronian,L"]
[PlyCount "57"]
[EventDate "2002.12.09"]
[EventType "swiss"]
[EventRounds "13"]
[EventCountry "IND"]
[SourceTitle "EXT 2010"]
[Source "ChessBase"]
[SourceDate "2010.11.25"]
[SourceVersion "1"]
[SourceVersionDate "2010.11.25"]
[SourceQuality "1"]

{Like the previous year, when I missed it, I again had the chance to honour my
secret "agreement" with Dima, under which I promised to beat everybody else
and lose to him in the last round...Before the game, I was not too worried.} 1.
c4 Nf6 2. Nf3 e6 3. Nc3 c5 4. e3 {In our previous game (Batumi 2002) I played
4.g3 , but now I was afraid of an improvement.} d5 5. d4 Nc6 6. a3 {I have
seen this line in the game of Ari Minasiana , although it is true that he
reached it via 1.a3!} a6 7. dxc5 {7.b3 is also not bad.} Bxc5 8. b4 Ba7 {
Here my knowledge of theory ended. Mind you, I don't think my opponent's
knowldege went much deeper.} 9. Bb2 O-O 10. Qc2 Qe7 11. Rc1 {After 5 minutes'
thought.} Rd8 12. Be2 {After a few minutes' thought, the intended 12.Qb1
seemed a bit too artificial, so I decided to stop trying to be clever.} h6 $2 {
But this is unnecessary. It was time to take on c4, after which I intended to
set up the battery Bb1-Qc2, although I doubt that I have much there, apart
from a few crude threats.} 13. O-O {Around here (or after 13...dxc4 14.Nxc4)
my opponent had a long think, and I of course noticed that after 13...dxc4 14.
Nxc4 b5, as well as the reasonable idea Na2-Nb1, there is also the possible
knight sacrifice.} dxc4 ({Maybe he should have decided on} 13... d4 14. exd4
Nxd4 (14... Bxd4 15. b5 $1) 15. Nxd4 Bxd4 {, although after} 16. Nd5 {White
has a clear advantage.}) 14. Bxc4 b5 ({After} 14... e5 {I found} 15. Nh4 Be6
16. Nf5 Qe8 17. Ne4 $1 {and was very satisfied with my position. 14...b5 came
as a surprise, as I expected 14...Nd7 .}) 15. Nxb5 axb5 16. Bxb5 Nxb4 ({On} 
16... Nb8 {there is the winning line} 17. Qxc8 Rxc8 18. Rxc8+ Kh7 19. Bd3+ g6
20. Be4 {and White wins too much material.}) 17. axb4 Rb8 ({As my opponent
pointed out after the game} 17... Qxb4 {loses after} 18. Bc6 Ba6 (18... Rb8 19.
Be5) 19. Bxa8 Bxf1 20. Bxf6 gxf6 21. Kxf1 Rxa8 22. Ra1 {with a deadly pin.})
18. Ne5 Bb7 19. Qa4 ({During the game, I did not like} 19. Qc7 {because of}
Qxc7 20. Rxc7 Rd2 {with some activity, although Fritz completely disagrees
with my assessment (as do I myself now, incidentally).}) 19... Be4 {And here I
really had a good think. The threat is Nd5 and it is not clear to defend
against Qg5. It is just as well that I found the strengthening move} 20. Rc4 {
It turns out that Black has no adequate moves and he was also very short of
time. What follows is agony.} Bd5 21. Nc6 Bxc6 22. Bxc6 Nd5 23. Rg4 {A good
move, played only because I was moving at blitz speed and did not notice that
after} (23. b5 Nb6 {there is} 24. Qb4) 23... e5 24. b5 f5 25. Rc4 Nb6 26. Qb4
Qe6 27. Rcc1 Rf8 28. Qc3 Nd7 29. Rfd1 {Here my opponent stopped the clocks and
I understand that I had won the tournament!} 1-0

[Event "Moscow Aeroflot op-A"]
[Site "Moscow"]
[Date "2003.02.14"]
[Round "4"]
[White "Aronian, Levon"]
[Black "Galkin, Alexander"]
[Result "0-1"]
[WhiteElo "2610"]
[BlackElo "2568"]
[PlyCount "157"]
[EventDate "2003.02.10"]
[EventType "swiss"]
[EventRounds "9"]
[EventCountry "RUS"]
[SourceTitle "CBM 094"]
[Source "ChessBase"]
[SourceDate "2003.05.26"]
[SourceVersion "1"]
[SourceVersionDate "2003.05.26"]
[SourceQuality "1"]

1. d4 d5 2. c4 e6 3. Nf3 c6 4. g3 dxc4 5. Bg2 b5 6. O-O Bb7 7. Nc3 Nd7 8. Ne5
Qc8 9. a4 Ngf6 10. a5 a6 11. b3 cxb3 12. Qxb3 c5 13. Bxb7 Qxb7 14. Nxd7 Qxd7
15. dxc5 Bxc5 16. Bg5 Be7 17. Rac1 O-O 18. Bxf6 gxf6 19. Ne4 Rac8 20. Qb2 Kg7
21. g4 Qd5 22. Ng3 Qe5 23. Qd2 Qg5 24. f4 Bc5+ 25. Kh1 Qxg4 26. Qd7 Kh8 27. Qb7
h5 28. f5 h4 29. Ne4 Rb8 30. Nxf6 Qxe2 31. Qe4 Qxe4+ 32. Nxe4 Ba3 33. Rc3 exf5
34. Rxf5 Be7 35. Rc1 f6 36. Rh5+ Kg7 37. Rg1+ Kf7 38. Rh7+ Ke6 39. Re1 Bb4 40.
Re2 Rh8 41. Ra7 Ra8 42. Rb7 Bxa5 43. Ra2 Bb4 44. Rf2 Rhb8 45. Rh7 f5 46. Ng5+
Kf6 47. Rf7+ Kg6 48. R7xf5 Be7 49. Nf7 Rg8 50. Re5 Ra7 51. Re6+ Kh7 52. Rh6+
Kg7 53. Rh5 Bf6 54. Nd6 Rd7 55. Nf5+ Kf8 56. Rf1 Ke8 57. Ne3 Bd4 58. Nd5 Rdg7
59. h3 Kd7 60. Nb4 Rg1+ 61. Rxg1 Rxg1+ 62. Kh2 Rg6 63. Nxa6 Rxa6 64. Rxb5 Ra2+
65. Kh1 Ke6 66. Rg5 Be5 67. Rg6+ Kd5 68. Rg2 Ra3 69. Rd2+ Ke6 70. Rd1 Rxh3+ 71.
Kg1 Kf5 72. Kg2 Kg4 73. Re1 Rh2+ 74. Kg1 Bg3 75. Rb1 Kh3 76. Rb3 Ra2 77. Rb1
Rg2+ 78. Kh1 Rh2+ 79. Kg1 0-1

[Event "Internet Section 14-A"]
[Site "Dos Hermanas"]
[Date "2003.03.14"]
[Round "2"]
[White "Freile Martin, Javier"]
[Black "Aronian, Levon"]
[Result "0-1"]
[WhiteElo "2215"]
[BlackElo "2610"]
[PlyCount "68"]
[EventDate "2003.03.14"]
[EventType "swiss (blitz)"]
[EventRounds "9"]
[EventCountry "ESP"]
[SourceTitle "EXT 2004"]
[Source "ChessBase"]
[SourceDate "2003.11.25"]
[SourceVersion "1"]
[SourceVersionDate "2003.11.25"]
[SourceQuality "1"]

1. c3 Nf6 2. d3 g6 3. e4 Bg7 4. Be2 O-O 5. h4 Nc6 6. h5 d5 7. Nd2 dxe4 8. dxe4
Ne5 9. hxg6 hxg6 10. Qc2 Qd6 11. Ngf3 Rd8 12. Ng5 Bg4 13. f3 Bh5 14. Nf1 e6 15.
Be3 Qe7 16. g4 Bxg4 17. fxg4 Nfxg4 18. Bxg4 Nxg4 19. Qe2 Ne5 20. Rd1 Rxd1+ 21.
Kxd1 Rd8+ 22. Kc2 Qd7 23. Nd2 Qa4+ 24. Kb1 Rd6 25. b3 Qd7 26. Bd4 Rxd4 27. cxd4
Qxd4 28. Qb5 Nc6 29. Kc2 Qc3+ 30. Kd1 Qa1+ 31. Ke2 Qxh1 32. Qxb7 Qg2+ 33. Kd3
Ne5+ 34. Kc2 Qxg5 0-1

[Event "Internet Section 14-A"]
[Site "Dos Hermanas"]
[Date "2003.03.14"]
[Round "3"]
[White "Aronian, Levon"]
[Black "Cheparinov, Ivan"]
[Result "1-0"]
[WhiteElo "2610"]
[BlackElo "2478"]
[PlyCount "91"]
[EventDate "2003.03.14"]
[EventType "swiss (blitz)"]
[EventRounds "9"]
[EventCountry "ESP"]
[SourceTitle "EXT 2004"]
[Source "ChessBase"]
[SourceDate "2003.11.25"]
[SourceVersion "1"]
[SourceVersionDate "2003.11.25"]
[SourceQuality "1"]

1. e4 c5 2. Nc3 Nc6 3. Bb5 Nd4 4. Ba4 a6 5. Bb3 e6 6. Nf3 Nxb3 7. axb3 d6 8.
O-O Nf6 9. d4 cxd4 10. Nxd4 Be7 11. Re1 O-O 12. Re3 Bd7 13. Rg3 Kh8 14. Qf3 Rc8
15. Bg5 Ne8 16. Be3 Nf6 17. Nde2 Bc6 18. Nf4 d5 19. exd5 Nxd5 20. Ncxd5 Bxd5
21. Qg4 Bf6 22. c4 Bc6 23. Nh5 Rg8 24. Rh3 Bxb2 25. Rd1 Qe7 26. Bg5 f6 27. Nf4
g6 28. Qe2 Be5 29. Qxe5 fxe5 30. Bxe7 exf4 31. Bf6+ Rg7 32. Rhd3 Kg8 33. Rd8+
Rxd8 34. Rxd8+ Kf7 35. Bxg7 Kxg7 36. h4 Kf6 37. b4 Ke5 38. f3 Ba4 39. Kf2 h6
40. Rh8 h5 41. Rg8 Kf6 42. Rf8+ Ke5 43. Ke2 Bb3 44. Kd3 Ba4 45. Rf7 Bc6 46. Kc3
1-0

[Event "Internet Section 14-A"]
[Site "Dos Hermanas"]
[Date "2003.03.14"]
[Round "4"]
[White "Ramirez Alvarez, Alejandro"]
[Black "Aronian, Levon"]
[Result "0-1"]
[WhiteElo "2413"]
[BlackElo "2610"]
[PlyCount "82"]
[EventDate "2003.03.14"]
[EventType "swiss (blitz)"]
[EventRounds "9"]
[EventCountry "ESP"]
[SourceTitle "EXT 2004"]
[Source "ChessBase"]
[SourceDate "2003.11.25"]
[SourceVersion "1"]
[SourceVersionDate "2003.11.25"]
[SourceQuality "1"]

1. d4 Nf6 2. c4 e6 3. Nc3 Bb4 4. Qc2 c5 5. Nf3 cxd4 6. Nxd4 Nc6 7. e3 O-O 8.
Bd3 Ne5 9. Be2 a6 10. O-O Qc7 11. a3 Be7 12. b3 b6 13. f4 Ng6 14. Bb2 Bb7 15.
Bf3 Rac8 16. Kh1 Qb8 17. Rad1 b5 18. cxb5 axb5 19. Qe2 b4 20. axb4 Bxb4 21. Na4
Ne7 22. Nc2 Bxf3 23. Rxf3 Rfd8 24. Bxf6 gxf6 25. Rg3+ Ng6 26. h4 Kh8 27. h5 Ne7
28. Nxb4 Nf5 29. Rh3 Qxb4 30. e4 Nh6 31. Qb2 Ng4 32. Rg3 Rg8 33. Qe2 Qa5 34. e5
f5 35. Rgd3 Qa7 36. R3d2 Rc7 37. Nb2 Rc3 38. Nc4 Qa8 39. Rd3 Rxd3 40. Rxd3 Qa1+
41. Rd1 Qxd1+ 0-1

[Event "Internet Section 14-A"]
[Site "Dos Hermanas"]
[Date "2003.03.14"]
[Round "5"]
[White "Aronian, Levon"]
[Black "Ivanisevic, Ivan"]
[Result "1-0"]
[WhiteElo "2610"]
[BlackElo "2555"]
[PlyCount "53"]
[EventDate "2003.03.14"]
[EventType "swiss (blitz)"]
[EventRounds "9"]
[EventCountry "ESP"]
[SourceTitle "EXT 2004"]
[Source "ChessBase"]
[SourceDate "2003.11.25"]
[SourceVersion "1"]
[SourceVersionDate "2003.11.25"]
[SourceQuality "1"]

1. e4 c5 2. Nc3 Nc6 3. Bb5 Nd4 4. Ba4 Qa5 5. Nf3 b5 6. Nxd4 cxd4 7. Nxb5 Qxa4
8. Nc7+ Kd8 9. Nxa8 Qc6 10. d3 f5 11. O-O Bb7 12. f3 Bxa8 13. Bd2 Nf6 14. c3
Qb6 15. Kh1 g6 16. cxd4 Qxd4 17. Rc1 Bc6 18. Qb3 Ke8 19. Rc4 Qd6 20. Rb4 e6 21.
e5 Qxe5 22. Bc3 Qe2 23. Re1 Qf2 24. Rxe6+ Kf7 25. Rxc6+ Kg7 26. Bxf6+ Kh6 27.
Rh4+ 1-0

[Event "Internet Section 14-A"]
[Site "Dos Hermanas"]
[Date "2003.03.14"]
[Round "6"]
[White "Rustemov, Alexander"]
[Black "Aronian, Levon"]
[Result "1/2-1/2"]
[WhiteElo "2604"]
[BlackElo "2610"]
[PlyCount "60"]
[EventDate "2003.03.14"]
[EventType "swiss (blitz)"]
[EventRounds "9"]
[EventCountry "ESP"]
[SourceTitle "EXT 2004"]
[Source "ChessBase"]
[SourceDate "2003.11.25"]
[SourceVersion "1"]
[SourceVersionDate "2003.11.25"]
[SourceQuality "1"]

1. d4 Nf6 2. Nf3 e6 3. c4 d5 4. Nc3 dxc4 5. e3 a6 6. Bxc4 b5 7. Bd3 c5 8. a4 b4
9. Ne4 Nbd7 10. Nxf6+ Nxf6 11. O-O Bb7 12. b3 Qd5 13. Bb2 Be7 14. Qe2 O-O 15.
dxc5 Rfd8 16. Bc4 Qxc5 17. Rfd1 a5 18. Rac1 Rxd1+ 19. Qxd1 Rd8 20. Qe2 Qh5 21.
Bd4 Nd7 22. Bb5 Bd6 23. h3 h6 24. Rd1 Nc5 25. Bc4 Bf8 26. Bxc5 Rxd1+ 27. Qxd1
Bxf3 28. Qxf3 Qxf3 29. gxf3 Bxc5 30. f4 Kf8 1/2-1/2

[Event "Internet Section 14-A"]
[Site "Dos Hermanas"]
[Date "2003.03.14"]
[Round "7"]
[White "Aronian, Levon"]
[Black "Zarnicki, Pablo Adrian"]
[Result "1/2-1/2"]
[WhiteElo "2610"]
[BlackElo "2536"]
[PlyCount "226"]
[EventDate "2003.03.14"]
[EventType "swiss (blitz)"]
[EventRounds "9"]
[EventCountry "ESP"]
[SourceTitle "EXT 2004"]
[Source "ChessBase"]
[SourceDate "2003.11.25"]
[SourceVersion "1"]
[SourceVersionDate "2003.11.25"]
[SourceQuality "1"]

1. d4 Nf6 2. Nf3 e6 3. g3 d5 4. Bg2 Be7 5. c4 O-O 6. O-O dxc4 7. Qc2 a6 8. a4
Bd7 9. Qxc4 Bc6 10. Bg5 Bd5 11. Qc2 Nc6 12. Bxf6 Bxf6 13. e4 Ba2 14. Rxa2 Nb4
15. Qb3 Nxa2 16. e5 Be7 17. Qxa2 Qd7 18. Nc3 Rfd8 19. Rd1 c6 20. h4 h6 21. Qb1
Bb4 22. Bf1 c5 23. Ne4 Qxa4 24. Nd6 Qd7 25. d5 exd5 26. Rxd5 b5 27. b3 Qe6 28.
Rd1 Bc3 29. Qe4 Qxb3 30. Rd3 c4 31. Qd5 Ra7 32. e6 Re7 33. exf7+ Kf8 34. Nd4
Bxd4 35. Rxb3 cxb3 36. Qxd4 Red7 37. Qb4 Rxd6 38. Qxb3 R8d7 39. Bh3 Rxf7 40.
Qc3 Rff6 41. Qc8+ Kf7 42. Qc7+ Kf8 43. Bf5 g6 44. Be4 Rd1+ 45. Kg2 Rd2 46. Bf3
Rdd6 47. g4 Rfe6 48. g5 hxg5 49. hxg5 Rd4 50. Qc5+ Red6 51. Be4 Kg7 52. Qe5+
Kf7 53. f4 b4 54. f5 gxf5 55. Qxf5+ Ke7 56. Qe5+ Kd7 57. g6 Rxg6+ 58. Bxg6 Rg4+
59. Kf3 Rxg6 60. Qd4+ Kc7 61. Qa7+ Kc8 62. Qc5+ Kd7 63. Qxb4 Re6 64. Qb7+ Kd8
65. Kf4 Rd6 66. Ke5 Rh6 67. Qb8+ Kd7 68. Qa7+ Kc8 69. Qf7 Rc6 70. Kd5 Rc7 71.
Qf8+ Kb7 72. Qb4+ Ka7 73. Kd6 Rb7 74. Qd4+ Kb8 75. Kc6 Rb5 76. Qh8+ Ka7 77. Qd8
Rb7 78. Qd4+ Ka8 79. Qe3 Rb5 80. Qe4 Ka7 81. Qd4+ Ka8 82. Qh8+ Ka7 83. Qg7+ Ka8
84. Qf8+ Ka7 85. Qd8 Rb7 86. Qd4+ Ka8 87. Qd6 Ka7 88. Qc5+ Ka8 89. Kd6 Kb8 90.
Qg1 Ka8 91. Qa1 Ka7 92. Qd4+ Ka8 93. Kc6 Rb5 94. Qd7 Kb8 95. Qe7 Ka8 96. Qc7
Rb8 97. Qa5 Ka7 98. Qc5+ Ka8 99. Qa3 Ka7 100. Qe3+ Ka8 101. Qg3 Rb5 102. Qc7
Rb8 103. Qd7 Rb5 104. Qe6 Ka7 105. Qe3+ Ka8 106. Qd4 Rb8 107. Qe5 Rb5 108. Qf4
Ka7 109. Kc7 Rc5+ 110. Kd7 Rd5+ 111. Kc6 Rb5 112. Kc7 Rb7+ 113. Kc8 Rb5 1/2-1/2

[Event "Internet Section 14-A"]
[Site "Dos Hermanas"]
[Date "2003.03.14"]
[Round "8"]
[White "Stryjecki, Marek"]
[Black "Aronian, Levon"]
[Result "1/2-1/2"]
[WhiteElo "2438"]
[BlackElo "2610"]
[PlyCount "133"]
[EventDate "2003.03.14"]
[EventType "swiss (blitz)"]
[EventRounds "9"]
[EventCountry "ESP"]
[SourceTitle "EXT 2004"]
[Source "ChessBase"]
[SourceDate "2003.11.25"]
[SourceVersion "1"]
[SourceVersionDate "2003.11.25"]
[SourceQuality "1"]

1. g3 Nf6 2. Bg2 d5 3. Nf3 g6 4. c4 Bg7 5. Qa4+ Nbd7 6. cxd5 O-O 7. Nc3 Nb6 8.
Qc2 Nbxd5 9. Nxd5 Nxd5 10. a3 Bd7 11. O-O Rc8 12. d3 c5 13. Bd2 b6 14. Rfc1 Bc6
15. Rab1 Qd7 16. b4 Ba4 17. Qa2 cxb4 18. axb4 Nc3 19. Bxc3 Bxc3 20. d4 b5 21.
e3 Qd6 22. Ne5 e6 23. Nd3 a5 24. bxa5 Bxa5 25. Nc5 Qc7 26. Bf1 Qe7 27. Bxb5
Bxb5 28. Rxb5 Bc7 29. Rb7 Rb8 30. Ra7 Rbc8 31. Rc4 Qd8 32. Rb7 Qd5 33. Rc2 Qf3
34. Qb1 Bd6 35. Rd7 Rb8 36. Qf1 Rb6 37. Rc1 Rfb8 38. Nd3 h5 39. Qd1 Qe4 40. Nc5
Qa8 41. Qd3 Bf8 42. Rc7 Qa2 43. Nd7 Rb3 44. Qe4 Bd6 45. Nxb8 Bxc7 46. Nd7 Rc3
47. Rxc3 Qa1+ 48. Kg2 Qxc3 49. Qb7 Kg7 50. Nc5 Bd6 51. Ne4 Qa3 52. Qd7 Be7 53.
h4 Qa8 54. f3 Kf8 55. Nd6 Qa2+ 56. Kh3 Bxd6 57. Qxd6+ Kg8 58. Qf4 Qf2 59. g4
Qf1+ 60. Kg3 Qg1+ 61. Kh3 Qh1+ 62. Kg3 Qg1+ 63. Kh3 Qh1+ 64. Kg3 Qg1+ 65. Kh3
Qh1+ 66. Kg3 Qg1+ 67. Kh3 1/2-1/2

[Event "Internet Section 14-A"]
[Site "Dos Hermanas"]
[Date "2003.03.14"]
[Round "9"]
[White "Aronian, Levon"]
[Black "Shipov, Sergei"]
[Result "0-1"]
[WhiteElo "2610"]
[BlackElo "2604"]
[PlyCount "80"]
[EventDate "2003.03.14"]
[EventType "swiss (blitz)"]
[EventRounds "9"]
[EventCountry "ESP"]
[SourceTitle "EXT 2004"]
[Source "ChessBase"]
[SourceDate "2003.11.25"]
[SourceVersion "1"]
[SourceVersionDate "2003.11.25"]
[SourceQuality "1"]

1. e4 e6 2. d4 d5 3. Nc3 Bb4 4. e5 c5 5. dxc5 Ne7 6. Nf3 Nbc6 7. Bd3 Ng6 8. O-O
Ngxe5 9. Nxe5 Nxe5 10. Bf4 Qf6 11. Bxe5 Qxe5 12. Re1 Qg5 13. Bb5+ Kf8 14. Qd4
Ba5 15. b4 Bd8 16. Nxd5 h5 17. f4 Qg6 18. Rad1 Kg8 19. Bd3 Qh6 20. Be4 f5 21.
Bxf5 exf5 22. Ne7+ Kh7 23. Qc4 Bc7 24. Rd4 Rf8 25. g3 h4 26. Re3 b6 27. Nxc8
Raxc8 28. Rd7 bxc5 29. Ree7 Bb6 30. b5 Rcd8 31. Rxg7+ Qxg7 32. Rxg7+ Kxg7 33.
gxh4 Rd4 34. Qe6 c4 35. Kg2 Re4 36. Qd6 Rf6 37. Qd7+ Rf7 38. Qd5 Kf8 39. Qd6+
Kg8 40. h5 Rg7+ 0-1